000 00927nam a2200301 4500
001 0000016032
003 CO-CtgCURN
005 20250329191020.0
007 ta
008 160627s1995 000 0 eng d
020 _a9682452341
040 _aCO-CtgCURN
_bspa
_ccoctgcurn
082 0 _a745.2
_bA17s
100 1 _aAcha, Juan.
245 1 0 _aIntroducción a la teoria de los diseños /
_cJuan Acha.
250 _a3a ed.
260 _aMexico :
_bEditorial Trillas,
_c1995.
300 _a179 p.
336 _2rdacontent
337 _2rdamedia
_asin mediacion
_bn
338 _2rdacarrier
_avolumen
_bnc
500 _aIncluye bibliografias eindices.
505 8 _aDiseño decorativo.--Cultura estetica.--Artesanias.--Proceso artistica
650 1 4 _aEclecticismo en arquitectura.
908 _a160627
942 _cBK
_h745.2
_iA17s
_2ddc
999 _c11219
_d11219